Empleo: recopilación artículos de la Revista de Economía

Saved in:
Bibliografiske detaljer
Institution som forfatter: Universidad de Chile (Author)
Format: Bog
Sprog:spansk
Udgivet: Santiago Universdad de Chile 1987
Fag:
Tags: Tilføj Tag
Ingen Tags, Vær først til at tagge denne postø!

MARC

LEADER 00000nam a2200000 a 4500
001 UCR9405
003 CL-VaPUC
008 980613e19870100CL |||||||||||||||||spa|d
082 0 4 |a 331.0983  |b UNI  |2 21 
110 2 |a Universidad de Chile  |e author  |9 411913 
245 1 0 |a Empleo: recopilación artículos de la Revista de Economía 
300 |a 158 p 
942 |c BK 
945 |d 19980613 00:00:00  |a crobeson 
260 |a Santiago  |b Universdad de Chile  |c 1987 
650 0 |a Empleo  |9 339124 
650 0 |a Desempleo   |9 257579 
650 7 |a FUERZA DE TRABAJO  |2 CL-VaPUC  |9 358015 
650 0 |a Salarios  |9 255321 
650 7 |a ECONOMIA DEL TRABAJO  |2 CL-VaPUC  |9 320317 
651 7 |a CHILE  |2 CL-VaPUC  |9 411914 
583 |a last modification  |c 19980613 00:00:00  |k Rodrigo Vera 
999 |c 270603  |d 270601 
952 |0 0  |1 0  |4 0  |6 331_098300000000000_UNI_1987  |7 0  |8 A  |9 304938  |a BIBENE  |b BIBENE  |d 2019-11-20  |i 1411918  |o 331.0983 UNI 1987  |p 1411918  |r 2025-01-15  |w 2019-11-20  |y BK  |k ICO